Loading...
| Literature - British | 0 | 4 | 0 | 0 | 40 | 94 | 112.25 | 2 | 3 | 0.00 | 0.00 |
| Science - Biology | 0 | 3 | 1 | 1 | 25 | 92 | 105.67 | 1 | 3 | 0.00 | 0.00 |
| Literature - American | 1 | 2 | 2 | 0 | 25 | 43 | 87.67 | 2 | 3 | 0.00 | 0.00 |
| Fine Arts - Visual | 1 | 1 | 1 | 0 | 20 | 29 | 78.00 | 1 | 2 | 0.00 | 0.00 |
| History - World | 1 | 1 | 1 | 1 | 20 | 62 | 88.00 | 1 | 2 | 0.00 | 0.00 |
| Science - Chemistry | 0 | 1 | 0 | 1 | 10 | 138 | 138.00 | 0 | 1 | 0.00 | 0.00 |
| Literature - European | 1 | 0 | 1 | 0 | 10 | 83 | 83.00 | 1 | 1 | 0.00 | 0.00 |
| Fine Arts - Auditory | 0 | 1 | 0 | 0 | 10 | 117 | 117.00 | 0 | 1 | 0.00 | 0.00 |
| History - European | 0 | 0 | 1 | 0 | -5 | 0.00 | 0 | 0 | 0.00 | 0.00 | |
| Literature - World | 0 | 0 | 1 | 0 | -5 | 0.00 | 0 | 0 | 0.00 | 0.00 |